All sonic nds games - Statistics

General Stats
  • This quiz has been taken 14 times
  • The average score is 5 of 9
Answer Stats
Answer % Correct
Mario and sonic at the Olympic games
80%
Sonic rush
80%
Sonic rush adventure
80%
Sonic chronicles
60%
Sonic colors
60%
Mario and sonic at the Olympic winter games
40%
Sega superstars tennis
40%
Sonic and sega all stars racing
40%
Sonic classic collection
40%
No matching quizzes found
Score Distribution
Percent of People with Each Score
Percentile by Number Answered
Your Score History
You have not taken this quiz